000 01368nam2a22002771 4500
001 rc\4540729
005 20130416182753.3
021 _aRU
_b[61-74323]
035 _a(NLR Aleph) 008635238
090 _a8907945
_c8907945
100 _a20130416d1961 |||y0rusy50 ca
101 0 _arus
102 _aRU
105 _ab z |||||
200 1 _aВосточная Сибирь
210 _d1961
215 _a300 с., 13 л. отд. карт.
_cкарт.
320 _aБиблиогр.: с. 246-249 (77 назв.)
461 0 _1001rc\4540724
_12001#$aКлимат СССР$e[В 7 вып.]$eВып. 1-$fГл. упр. гидрометеор. службы при Совете Министров СССР. Гл. геофиз. обсерватория им. А.И. Воейкова$vВып. 5
_98907918
_cЛенинград
_d1958
_fГл. упр. гидрометеор. службы при Совете Министров СССР. Гл. геофиз. обсерватория им. А.И. Воейкова
_nГидрометеоиздат
_o[В 7 вып.] : Вып. 1-
_tКлимат СССР
_vВып. 5
606 _aКлимат
_yВосточная Сибирь (вып. 5)
_2psbo
700 1 _aЩербакова
_bЕ. Я.
_gЕлена Яковлевна
801 0 _aRU
_bNLR
_gpsbo
801 1 _aRU
_bELAR
_2rusmarc
852 _aNLR
_j58-5/4035
942 _cBOOK
980 _aNB